000 00856nam a2200253 a 4500
001 BRCA_2981
005 20190320204044.0
008 221208s1981----sp-#---###---#000-0#cat-u
041 _acat
044 _asp
084 _a305
_b.A48
_c1891
100 1 _aCervantes Saavedra, Miguel de
_d1547-1616
_9213
245 1 0 _aL´Enginyos Cavaller Don Quixot de la Manxa
_ccompost per Miguel de Cervantes Saavedra.
260 _aBarcelona
_bF. Altés
_c1891
300 _a591 p.
_c26 cm.
546 _aTexto en : catalán
650 1 4 _aNovela española
_yÉpoca clásica, 1500-1700
_9215
650 1 4 _aLiteratura española
_yÉpoca clásica, 1500-1700
_9216
650 1 4 _aNovela española
_ySiglo XVII
_9217
650 1 4 _aDon Quijote (Personaje ficticio)
_eNovela
_9218
740 0 _aEl Ingenioso Hidalgo Don Quijote de la Mancha
902 _aQFM
942 _2lcc
_cB
999 _c2720
_d2720